| 000 | 08252cam a2200421 a 4500 | ||
|---|---|---|---|
| 001 | 000006927 | ||
| 005 | 20200929154025.0 | ||
| 008 | 971113m19951996sp a b 000 0 spa d | ||
| 020 | _a8478202498 | ||
| 035 | _a(DLC) 97215265 | ||
| 035 | _a(OCoLC)36368473 | ||
| 040 |
_aDO-SdBNP _bspa _cCGU _dBNPHU |
||
| 082 |
_a338.946 _bL334m |
||
| 100 | 1 |
_aLarruga, Eugenio, _d1747-1803 _919206 |
|
| 245 | 1 | 0 |
_aMemorias políticas y económicas sobre los frutos, comercio, fábricas y minas de España : _bcon inclusión de los Reales Decretos, órdenes, cédulas, aranceles y ordenanzas expedidas para su gobierno y fomento / _cEugenio Larruga ; presentación Ernest Lluch, Eloy Fernandez y A. Sánchez Hormigo ; introducción Josep Fontana. |
| 250 | _aEd. facsímilar | ||
| 260 |
_aZaragoza : _bGobierno de Aragón; _bInstitución "Fernando el Católico"; _bInstituto Aragonés de Fomento, _c1995-1996. |
||
| 300 |
_a15 v. : _bil. ; _c21 cm. |
||
| 490 | 1 |
_aPublicación de la Institución "Fernando el Católico" _v1677 |
|
| 504 | _aIncluye referencias bibliográficas e índices | ||
| 500 | _aIncluye en cada volumen tres tomos | ||
| 533 |
_aReprodución fascsímilar: _bMadrid: _cDon Antonio Espinosa, _m1791-1800. |
||
| 505 | 0 |
_gv. 1. t. 1. _tQue trata de los frutos, minas y comercio de la provincia de Madrid -- _gv. 1. t. 2. _tDe las fábricas de seda, lana, lino, cáñamo, algodón y esparto de la provincia de Madrid -- _gv. 1. t. 3. _tQue trata de las fábricas de curtidos, sombreros, papel, abanicos, tintes, coloridos, jabón, loza, abalorios, imprentas, librerías y fundiciones de la provincia de Madrid -- _gv. 2. t. 4. _tQue trata de las fábricas de metales y juzgados de comercio de la provincia de Madrid -- _gv. 2. t. 5. _tQue trata de varias manufacturas de Madrid: y del sitio, gobierno, población, y producciones de la provincia de Toledo -- _gv. 2. t. 6. _tQue trata de los ríos, canales, monedas, pesos, ferias, mercados, y contribuciones de la provincia de Toledo -- _gv. 3. t. 7. _tQue trata del comercio, mercería, y fábricas de texidos anchos de seda de Toledo -- _gv. 3. t. 8. _tQue trata de varias manufacturas de seda de Toledo, y su provincia -- _gv. 3. t. 9. _tQue trata de las manufacturas de lana, lino, cáñamo, esparto, sobreros, curtidos, papel, y tintes de Toledo, y su provincia -- _gv. 4. t. 10. _tQue trata de las prensas, batanes, jabonerías, alfarerías, fábricas de vidrio, y metales de la provincia de Toledo; y del sitio, población, gobierno, y policía de Segovia -- _gv. 4. t. 11. _tQue trata de las producciones, ríos, canales, monedas, medidas, ferias, mercados, y comercio de la provincia de Segovia: y de los principios, y progresos de la fábrica de paños del común de su capital hasta el reynado del señor Carlos II. Inclusive -- _gv. 4. t. 12. _tSeguida y conclusión de la historia de la fábrica común de paños de la ciudad de Segovia: y origen, progresos, y estado y actual de la fábrica de paños superfinos establecida en la mismo ciudad. |
|
| 505 | 0 |
_gv. 5. t. 13. _tQue trata de las fábricas de lanas, sombreros, curtidos, papel, lino, cáñamo, loza, vidrio, cristales, Xabon, Metales, Tintes, Prensas, y Batanes de la provincia de Segovia -- _gv. 5. t. 14. _tQue trata del juzgado de comercio Segovia; y del sitio, gobierno, policía, población, producciones, ríos, medidas, ferias, mercados y comercio de la provincia de Guadalaxara; y del origen y progresos de las fábricas de paños de su capital hasta el año de 1736 -- _gv. 5. t. 15. _tSeguida de la historia de la real fabrica de paños, y otros texidos de lana de la ciudad de Guadalaxara -- _gv. 6. t. 16. _tConclusión de la historia de las reales fábricas de paños de la ciudad de Guadalaxara, y de las demás manufacturas de su provincia -- _gv. 6. t. 17. _tTrata de la población, frutos, minas, y manufacturas de seda, lana, lino, cáñamo y esparto de la provincia de La Mancha -- _gv. 6. t. 18. _tTrata de las fábricas de curtidos, sombreros, xabon, loza, y metales de la provincia de La Macha: y del sitio, gobierno, población, frutos, minas, ríos, ferias, contribuciones, comercio y fábricas de seda de la de Cuenca -- _gv. 7. t. 19. _tQue trata de las fábricas de loza, vidrio, cristales, tintes, batanes, y manufacturas de metales de la provincia de Cuenca -- _gv. 7. t. 20. _tQue trata del sitio, gobierno, división, población, producciones, y manufacturas de la provincia de Avila; y del sitio, población, policía y gobierno de Soria -- _gv. 7. t. 21. _tQue trata de las producciones, ríos, ferias, mercados, comercio, contribuciones, medidas, y manufacturas de seda y lana de la provincia de Soria -- _gv. 8. t. 22. _tQue trata de las fábricas de lana, lino, cáñamo, papel, curtidos, y otras manufacturas de la provincia de Soria; y de la situación, clima, historia, y policía de la de Valladolid. |
|
| 505 | 0 |
_gv. 8. t. 23. _tConclusión de la historia y policía de la ciudad de Valladolid, límites, división, población, producciones, ríos, ferias, contribuciones y comercio de la provincia -- _gv. 8. t. 24. _tConclusión de la historia y policía de la ciudad de Valladolid, límites, división, población, producciones, ríos, ferias, contribuciones y comercio de la provincia -- _gv. 9. t. 25. _tHistoria de las manufacturas de lana de la provincia de Valladolid -- _gv. 9. t. 26. _tFábricas de texidos de lana, lino, cáñamo, papel, curtidos, loza, sombreros, tintes, prensas, metales, y otras manufacturas de la provincia Valladolid; y del sitio, extensión, historia, gobierno y policía de la de Burgos -- _gv. 9. t. 27. _tPolicía, población y producciones de la provincia de Burgos -- _gv. 10. t. 28. _tProducciones y comercio de la provincia de Burgos -- _gv. 10. t. 29. _tConsulados de comercio de las ciudades de Burgos y Santander -- _gv. 10. t. 30. _tReal compañía de comercio de la ciudad de Burgos, y manufacturas de lana de su provincia -- _gv. 11. t. 31. _tFábricas de paños de Santo Domingo y Ezcaray; lienzos, papel y curtidos de la provincia de Burgos. _gv. 11. t. 32. _tFábricas de sombreros, loza, vidrio, y otras clases de la provincia de Burgos: situación, extensión, gobierno, población, producciones y fábricas de lana de la provincia de Palencia -- _gv. 11. t. 33. _tManufacturas de la provincia de Palencia. |
|
| 505 | 0 |
_gv. 12. t. 34. _tSituación, población, producciones, comercio y manufacturas de las provincia de Toro y Zamora; situación, extensión, límites, gobierno, población y producciones de Salamanca. _gv. 12. t. 35. _tProducciones, minas, ríos, comercio, manufacturas de lana, seda, curtidos, sombreros, loza, lino, cáñamo, y otras de la provincia de Salamanca. Situación, extensión, historia, gobierno, población y minas de oro de la de Extremadura -- _gv. 12. t. 36. _tMinas de plata de la provincia de Extremadura -- _gv. 13. t. 37. _tMinas y producciones de la provincia de Extremadura -- _gv. 13. t. 38. _tGanado mesteño _gv. 13. t. 39. _tGanados, ríos, comercio, contribuciones, ferias, mercados, y manufacturas de seda y lana de la provincia de Extremadura. _gv. 14. t. 40. _tGanados, ríos, comercio, contribuciones, ferias, mercados, y manufacturas de seda y lana de la provincia de Extremadura -- _gv. 14. t. 41. _tSituación, clima, extensión, población y minas de oro, plata, cobre y estaño del Reyno de Galicia -- _gv. 14. t. 42. _tProducciones minerales, vegetales y animales: ríos y pesca de Galicia -- _gv. 15. t. 43. _tPesca, monedas, pesas, medidas, ferias, mercados, contribuciones y comercio de Galicia -- _gv. 15. t. 44. _tBalanza del comercio del consulado, y fábricas de seda, lana, papel, loza, tintes, prensas, batanes y curtidos del Reyno de Galicia -- _gv. 15. t. 45. _tFábricas de sombreros, lienzos y metales del Reyno de Galicia. |
|
| 650 | 4 |
_aPolítica económica _zEspaña _y1791-1800 _919207 |
|
| 651 | 4 |
_aEspaña _xCondiciones Económicas _919208 |
|
| 651 | 4 |
_aEspaña _xPolítica Comercial _xHistoria _919209 |
|
| 651 | 4 |
_aEspaña _xManufacturas _xHistoria _919210 |
|
| 700 | 1 |
_aLluch, Ernest _919211 |
|
| 700 | 1 |
_aFernandez, Eloy _919212 |
|
| 700 | 1 |
_aHormigo, A. Sánchez _919213 |
|
| 700 | 1 |
_aFontana, Josep, _eint. _919214 |
|
| 830 | 0 |
_aPublicación de la Institución "Fernando el Católico" ; _v1677 _913716 |
|
| 910 | _aWM | ||
| 049 | _aBNGR | ||
| 999 |
_c6711 _d6711 |
||